| 000 | 00715nam a22002177a 4500 | ||
|---|---|---|---|
| 999 |
_c10898 _d10898 |
||
| 003 | AR-CdUCM | ||
| 008 | 190401b ||||| |||| 00| 0 spa d | ||
| 040 |
_aMUNICIPALIDAD PROVINCIAL DEL CUSCO _cBIBLIOTECA MUNICIPAL DEL CUSCO |
||
| 082 |
_28ed. _aES / 800 / _bC48 |
||
| 100 |
_aCervantes Saavedra, Miguel de _93055 |
||
| 245 | _aAventuras de Don Quijote / | ||
| 260 |
_aBarcelona : _bAraluce ; _c1958. |
||
| 300 |
_a152 páginas ; _c15cm _bIlustraciones |
||
| 440 |
_aColección Araluce _n10 _927963 |
||
| 505 | _aContenido: Segunda parte | ||
| 650 |
_aNovela _9572 |
||
| 650 |
_aLiteratura juvenil _91580 |
||
| 700 |
_aVila, Pablo (adaptadas para los niños) _927964 |
||
| 942 |
_2ddc _cLIBROS |
||
| 945 | _anom | ||